MARC details
| 000 -CABECERA |
| campo de control de longitud fija |
01093nam a2200241 a 4500 |
| 001 - NÚMERO DE CONTROL |
| campo de control |
000024585 |
| 005 - FECHA Y HORA DE LA ÚLTIMA TRANSACCIÓN |
| campo de control |
20200930023243.0 |
| 008 - DATOS DE LONGITUD FIJA--INFORMACIÓN GENERAL |
| campo de control de longitud fija |
110201s2000 dr abc r 000 0dspa d |
| 040 ## - FUENTE DE LA CATALOGACIÓN |
| Centro catalogador/agencia de origen |
DO-SdBNP |
| Lengua de catalogación |
spa |
| Centro/agencia transcriptor |
BNPHU |
| 082 ## - NÚMERO DE LA CLASIFICACIÓN DECIMAL DEWEY |
| Número de clasificación |
304.84607293 |
| Número de documento/Ítem |
B479p |
| 100 1# - ENTRADA PRINCIPAL--NOMBRE DE PERSONA |
| Nombre de persona |
Benzo de Ferrer, Vilma, |
| Fechas asociadas al nombre |
1929- |
| 9 (RLIN) |
50422 |
| 245 10 - MENCIÓN DE TÍTULO |
| Título |
Pasajeros a La Española 1492-1530 / |
| Mención de responsabilidad, etc. |
Vilma Benzo de Ferrer. |
| 260 ## - PUBLICACIÓN, DISTRIBUCIÓN, ETC. |
| Lugar de publicación, distribución, etc. |
Santo Domingo : |
| Nombre del editor, distribuidor, etc. |
Amigo del hogar, |
| Fecha de publicación, distribución, etc. |
2000. |
| 300 ## - DESCRIPCIÓN FÍSICA |
| Extensión |
viii, 745 p. : |
| Otras características físicas |
il.,mapa, retrs. ; |
| Dimensiones |
23 cm. |
| 500 ## - NOTA GENERAL |
| Nota general |
Incluye datos biográficos de la autora en las solapas |
| 504 ## - NOTA DE BIBLIOGRAFÍA, ETC. |
| Nota de bibliografía, etc. |
Bibliografía : p. 659-671. |
| 505 0# - NOTA DE CONTENIDO CON FORMATO |
| Información miscelánea |
Introducción -- |
| Título |
Pasajeros. Ubicación en la Isla Española -- |
| Información miscelánea |
Las fuentes -- |
| -- |
Mapas, láminas y retratos -- |
| -- |
Glosario -- |
| Título |
Índice de pasajeros p. [701]-745. |
| 590 ## - NOTA LOCAL (RLIN) |
| Nota local |
Inventariado, 2018/VM |
| 650 #4 - PUNTO DE ACCESO ADICIONAL DE MATERIA--TÉRMINO DE MATERIA |
| Término de materia o nombre geográfico como elemento de entrada |
Españoles en república dominicana |
| 9 (RLIN) |
46289 |
| 651 #4 - PUNTO DE ACCESO ADICIONAL DE MATERIA--NOMBRE GEOGRÁFICO |
| Nombre geográfico |
España |
| Subdivisión general |
Emigración E Inmigración |
| Subdivisión geográfica |
República Dominicana |
| 9 (RLIN) |
50423 |
| 651 #4 - PUNTO DE ACCESO ADICIONAL DE MATERIA--NOMBRE GEOGRÁFICO |
| Nombre geográfico |
República Dominicana |
| Subdivisión general |
Historia |
| -- |
Descubrimiento Y Conquista, 1492-1511 |
| 9 (RLIN) |
50424 |
| 910 ## - DATOS DE OPCIÓN DEL USUARIO (OCLC) |
| Datos de opción del usuario |
Validado. Control de calidad. EMS |